00632nam a2200205Ia 4500008004100000041001200041082001200053100004200065245004200107365000800149520001300157546001200170630004200182650001300224655001300237730004200250942000900292999001900301952010600320101110s9999 xx 000 0 und d aENGLISH bSR24099 aAinapure, Varsha and Ainapure, Mukund aFinancial accounting (TYBCOM) Paper I b150 aCommerce aENGLISH aFinancial accounting (TYBCOM) Paper I aCommerce aCommerce aFinancial accounting (TYBCOM) Paper I cBOOK c816773d816770 00104070aDBJbDBJcR1d2010-11-11g150.00j1l0pDBJSR24099r2010-11-11 00:00:00w2010-11-11yBOOK